000 00887nam a2200265 a 4500
999 _c325016
_d325016
003 BLK
005 20250726101415.0
008 181010b bu ||||| |||| 00| 0 bu d
020 _a978-954-655-874-9
040 _aBLK
041 _aBUL
_cBUL
080 _aАнглийска литература
_b821.111
_z821.111-31
_x821.111-31
100 _eпърви автор
_aБагшоу, Тили
_91299
139 _aБагшоу, Тили
_bБ 13
245 _aМълчанието на вдовицата
_cпо Сидни Шелдън; Тили Багшоу
260 _bБард
_c2018
_aСофия
300 _a415 с.
380 _aX
500 _aОриг. загл. Sidney Sheldon'sThe silent widow / Tilly Bagshawe.
942 _cKNG
_2udc
_n0
_0136
_s1
999 _d325016
999 _d325016
999 _d325016
944 _k30575
_lМартин Енчев